00553nam a22001697a 4500003000400000005001700004008004100021020002200062040002900084050002200113110002000135245005400155250001100209300001000220600002000230650013300250OSt20250707161315.0250707b |||||||| |||| 00| 0 eng d a978-0-414-07147-6 cChuka University Library aK 7510 .W66 2019. aWood, Philip R aInternational solvency: Jurisdiction of The world a1st ed a685p. aWood, Philip R. a1. Bankruptcy--International Aspects. 2. Insolvency--Law and Legislation. 3. Conflicts of Laws--Bankruptcy. 4. Comporative Law.